01064nam a2200289Ia 450000500170000000800410001702000180005810000360007624500910011225000220020326400490022530000600027433600270033433700330036133800280039449000200042250000440044265000470048665000490053365000390058265000390062170000370066094200150069704000350071208400120074799900150075920220317001434.0161108s2013 ck a g 000 p spa  a97895888835711 aPeralta, María del Sold1977-10aCon--- ícierto animal!cMaría del Sol Peralta ; ilustraciones de Helena Melo Tovar aPrimera edición 1aBogotábAlfaguara infantil y juvenilc2013 a[40] páginasbilustraciones a colorc21 cm.e1 CD-ROM atextobtxt2rdacontent asin mediaciónbn2rdamedia avolumenbnc2rdacarrier aMaría del Sol aIncluye CD-ROM con canciones infantiles142LEMBaPoesía infantil mexicanaySiglo XX142LEMBaLiteratura infantil mexicanaySiglo XX142LEMBaLimpiezavPoesía infantil 142LEMBaAnimalesvPoesía infantil 1 aMelo Tovar, Helenad1981-918548 2loccBKINF aCO-BoRNBPbspaerdacCO-BoRNBP aP PER22 c6985d6985